<?xml version="1.0" encoding="UTF-8"?><?xml-stylesheet type="text/xsl" href="static/style.xsl"?><OAI-PMH xmlns="http://www.openarchives.org/OAI/2.0/" xmlns:xsi="http://www.w3.org/2001/XMLSchema-instance" xsi:schemaLocation="http://www.openarchives.org/OAI/2.0/ http://www.openarchives.org/OAI/2.0/OAI-PMH.xsd"><responseDate>2026-04-17T03:53:02Z</responseDate><request verb="GetRecord" identifier="oai:www.recercat.cat:10230/71728" metadataPrefix="marc">https://recercat.cat/oai/request</request><GetRecord><record><header><identifier>oai:recercat.cat:10230/71728</identifier><datestamp>2025-11-01T21:51:39Z</datestamp><setSpec>com_2072_6</setSpec><setSpec>col_2072_452952</setSpec></header><metadata><record xmlns="http://www.loc.gov/MARC21/slim" xmlns:dcterms="http://purl.org/dc/terms/" xmlns:xsi="http://www.w3.org/2001/XMLSchema-instance" xmlns:doc="http://www.lyncode.com/xoai" xsi:schemaLocation="http://www.loc.gov/MARC21/slim http://www.loc.gov/standards/marcxml/schema/MARC21slim.xsd">
   <leader>00925njm 22002777a 4500</leader>
   <datafield ind2=" " ind1=" " tag="042">
      <subfield code="a">dc</subfield>
   </datafield>
   <datafield ind2=" " ind1=" " tag="720">
      <subfield code="a">Miró Estradé, Jordi</subfield>
      <subfield code="e">author</subfield>
   </datafield>
   <datafield ind2=" " ind1=" " tag="260">
      <subfield code="c">2025-10-31T13:21:43Z</subfield>
   </datafield>
   <datafield ind2=" " ind1=" " tag="260">
      <subfield code="c">2024</subfield>
   </datafield>
   <datafield ind2=" " ind1=" " tag="260">
      <subfield code="c">2025-10-31T13:21:43Z</subfield>
   </datafield>
   <datafield ind2=" " ind1=" " tag="260">
      <subfield code="c">info:eu-repo/date/embargoEnd/2029-10-31</subfield>
   </datafield>
   <datafield ind2=" " ind1=" " tag="520">
      <subfield code="a">En el año 2015 se produjo un fatídico incidente que terminó con la muerte de dos trabajadores de una multinacional italiana que habían sido destinados en Libia. En primera instancia, la justicia italiana condenó por homicidio imprudente al directivo responsable de la sucursal de Libia -que llegó a una conformidad-, a los miembros del Consejo de Administración y a la propia persona jurídica. En casación, la Corte Suprema di Cassazione aboga por la absolución del Consejo de Administración y también de la persona jurídica. ¿Cuál es el alcance de la responsabilidad penal de los administradores? ¿Existen deberes de vigilancia de los administradores sobre sus directivos? ¿Cómo afecta todo ello a la responsabilidad penal de la persona jurídica? Estas preguntas se abordarán con ocasión del análisis del «caso Bonatti».</subfield>
   </datafield>
   <datafield ind2=" " ind1=" " tag="520">
      <subfield code="a">In 2015, a fateful incident resulted in the deaths of two workers stationed in Libya from an Italian multinational company. Initially, the Italian justice system convicted the manager responsible for the Libyan branch —who reached a plea bargain— for negligent homicide, as well as the members of the Board of Directors and the corporation itself. In cassation, the Corte Suprema di Cassazione advocated for the exoneration of the Board of Directors and the corporation. What is the scope of the criminal liability of directors? Are there oversight duties of directors over managers? How does all this affect the corporate criminal liability? These questions will be addressed during the analysis of the «Bonatti case».</subfield>
   </datafield>
   <datafield ind1="8" ind2=" " tag="024">
      <subfield code="a">http://hdl.handle.net/10230/71728</subfield>
   </datafield>
   <datafield tag="653" ind2=" " ind1=" ">
      <subfield code="a">Administradores</subfield>
   </datafield>
   <datafield tag="653" ind2=" " ind1=" ">
      <subfield code="a">Delegación</subfield>
   </datafield>
   <datafield tag="653" ind2=" " ind1=" ">
      <subfield code="a">Deber de garante</subfield>
   </datafield>
   <datafield tag="653" ind2=" " ind1=" ">
      <subfield code="a">Deberes de vigilancia</subfield>
   </datafield>
   <datafield tag="653" ind2=" " ind1=" ">
      <subfield code="a">Responsabilidad penal de la persona jurídica</subfield>
   </datafield>
   <datafield tag="653" ind2=" " ind1=" ">
      <subfield code="a">Directors</subfield>
   </datafield>
   <datafield tag="653" ind2=" " ind1=" ">
      <subfield code="a">Delegation</subfield>
   </datafield>
   <datafield tag="653" ind2=" " ind1=" ">
      <subfield code="a">Guarantor duty</subfield>
   </datafield>
   <datafield tag="653" ind2=" " ind1=" ">
      <subfield code="a">Oversight duties</subfield>
   </datafield>
   <datafield ind2="0" ind1="0" tag="245">
      <subfield code="a">El alcance de la responsabilidad penal del Consejo de Administración en el «Caso Bonatti S.p.A.». Comentario de la sentencia de la Corte Suprema di Cassazione Sez. 4 n. 31665/2024, de 5 de julio</subfield>
   </datafield>
</record></metadata></record></GetRecord></OAI-PMH>